Gargantúa y Pantagruel / (Record no. 188098)

MARC details
000 -LEADER
campo de control de longitud fija 00974nam a2200253 i 4500
001 - NÚMERO DE CONTROL
campo de control 188098
003 - IDENTIFICADOR DE NÚMERO DE CONTROL
campo de control SpMaBN
005 - FECHA Y HORA DE LA ÚLTIMA TRANSACCIÓN
campo de control 20250929063308.0
008 - DATOS DE LONGITUD FIJA--INFORMACIÓN GENERAL
campo de control de longitud fija 180430s1972 sp |||| |dspa d
080 ## - NÚMERO DE LA CLASIFICACIÓN DECIMAL UNIVERSAL
Número de la Clasificación Decimal Universal 821.133.1-31"15"
100 1# - ENTRADA PRINCIPAL--NOMBRE DE PERSONA
Nombre de persona Rabelais, François,
Fechas asociadas al nombre ca. 1494-1553
9 (RLIN) 94857
245 10 - MENCIÓN DEL TÍTULO
Título Gargantúa y Pantagruel /
Mención de responsabilidad, etc. François Rabelais ; [estudio preliminar, notas y bibliografía, Ángeles Cardona de Gibert ; traducción, Teresa Suero y José M.ª Claramunda].
250 ## - MENCION DE EDICION
Mención de edición 1ª ed. en Libro selección.
260 ## - PUBLICACIÓN, DISTRIBUCIÓN, ETC.
Lugar de publicación, distribución, etc. Barcelona :
Nombre del editor, distribuidor, etc. Bruguera,
Fecha de publicación, distribución, etc. 1972.
300 ## - DESCRIPCIÓN FÍSICA
Extensión 894 p. ;
Dimensiones 18 cm.
490 1# - MENCIÓN DE SERIE
Mención de serie Libro selección
504 ## - NOTA DE BIBLIOGRAFÍA, ETC.
Nota de bibliografía, etc. Bibliografía: p. 47-49.
700 1# - ENTRADA AGREGADA--NOMBRE PERSONAL
Nombre de persona Cardona, Ángeles,
Fechas asociadas al nombre 1925-
9 (RLIN) 164713
700 1# - ENTRADA AGREGADA--NOMBRE PERSONAL
Nombre de persona Suero Roca, Teresa.
9 (RLIN) 108730
700 1# - ENTRADA AGREGADA--NOMBRE PERSONAL
Nombre de persona Claramunda Bes, José María.
9 (RLIN) 38998
830 0# - PUNTO DE ACCESO ADICIONAL DE SERIE-TÍTULO UNIFORME
Título uniforme Libro selección
9 (RLIN) 225640
852 ## - LOCALIZACIÓN
Ubicación ES-MaACL
Número de control de estantería L-31989
Nota libre - Enc. guaflex
-- . - Donat. Carmen Zumárraga
Holdings
Estatus retirado Estado de pérdida Estado de daño No para préstamo Biblioteca de origen Biblioteca actual Ubicación en estantería Fecha de adquisición Fuente de adquisición Total de préstamos Signatura topográfica completa Código de barras Visto por última vez Precio de reemplazo Tipo de ítem Koha
        Biblioteca del Ateneo de Madrid Biblioteca del Ateneo de Madrid Depósito 2 30/04/2018     L-31989 1198794 23/02/2023 23/02/2023 Libro impreso